Prisoner's dilemma

Αποθηκεύτηκε σε:
Λεπτομέρειες βιβλιογραφικής εγγραφής
Κύριος συγγραφέας: Poundstone, William
Μορφή: Βιβλίο
Γλώσσα:English
Δημοσίευση: Oxford : Oxford University Press, c1992
Θέματα:
Ετικέτες: Προσθήκη ετικέτας
Δεν υπάρχουν, Καταχωρήστε ετικέτα πρώτοι!

MARC

LEADER 00000nam a2200000 i 4500
001 1/64239
008 941103s1992 eng d
020 |a 0-19-286162-X 
035 |a 1993  |l 10046930 
040 |a GR-MY-UA  |b gre  |e aacr 
041 0 |a eng 
082 0 |a 510.92 
100 1 |a Poundstone, William. 
245 1 0 |a Prisoner's dilemma /  |c William Poundstone 
260 |a Oxford :   |b Oxford University Press,   |c c1992 
300 |a 290 p.;  |c 20 cm. 
500 |a Includes bibliography and index 
600 1 0 |a Von Neumann John  |d 1903-1957. 
650 0 0 |a Mathematicians  |z United States  |x Biography. 
852 |a INST  |b SAMOS  |e 19941103  |h 510.92 POU  |p 005300002612  |q 005300002612  |t BK  |y 0 
909 |a Σ  |b 032337